[Event "Cuiaba Contaud op"]
[Site "Cuiaba"]
[Date "2014.05.03"]
[Round "4"]
[White "Leitao, Rafael Duailibe"]
[Black "Barbosa, Evandro Amorim"]
[Result "1-0"]
[WhiteElo "2645"]
[BlackElo "2472"]
[PlyCount "73"]
[EventDate "2014.05.01"]
[EventType "swiss"]
[EventRounds "6"]
[EventCountry "BRA"]
[SourceTitle "CBM 160 Extra"]
[Source "ChessBase"]
[SourceDate "2014.07.01"]
[SourceVersion "1"]
[SourceVersionDate "2014.07.01"]
[SourceQuality "1"]

1. d4 Nf6 2. Nf3 g6 3. g3 Bg7 4. Bg2 d5 5. O-O O-O 6. Nbd2 c6 7. c4 Bf5 8. b3
Ne4 9. Bb2 Nd7 10. Nh4 Nxd2 11. Qxd2 Be6 12. e4 dxe4 13. Bxe4 Nf6 14. Bg2 Qc7
15. Rfe1 Rad8 16. Rxe6 fxe6 17. Qe2 e5 18. Nf3 exd4 19. Nxd4 Qd6 20. Ne6 Qd2
21. Qxd2 Rxd2 22. Bc3 Rc2 23. Nxf8 Rxc3 24. Ne6 Rc2 25. Rd1 Bh6 26. h3 Rxa2 27.
Nd8 Rb2 28. Nxb7 Rxb3 29. Bxc6 Rc3 30. Rd8+ Kg7 31. c5 Rc2 32. Ba4 Rc1+ 33. Kg2
Ne4 34. c6 Bd2 35. Rd4 Nc3 36. Bb3 Nb1 37. Rc4 1-0

[Event "Cuiaba Contaud op"]
[Site "Cuiaba"]
[Date "2014.05.03"]
[Round "5"]
[White "Barbosa, Evandro Amorim"]
[Black "Sztokbant, Bernardo Vainzoff"]
[Result "1/2-1/2"]
[WhiteElo "2472"]
[BlackElo "2257"]
[PlyCount "69"]
[EventDate "2014.05.01"]
[EventType "swiss"]
[EventRounds "6"]
[EventCountry "BRA"]
[SourceTitle "CBM 160 Extra"]
[Source "ChessBase"]
[SourceDate "2014.07.01"]
[SourceVersion "1"]
[SourceVersionDate "2014.07.01"]
[SourceQuality "1"]

1. e4 e5 2. Nf3 Nc6 3. Bb5 a6 4. Ba4 Nf6 5. O-O Be7 6. Re1 b5 7. Bb3 O-O 8. a4
b4 9. d4 d6 10. dxe5 Nxe5 11. Nxe5 dxe5 12. Qe2 Bb7 13. Nd2 Bc5 14. a5 Qe7 15.
Bc4 Rfd8 16. Bd3 Nd7 17. Nb3 Bd6 18. Be3 Nc5 19. Bxc5 Bxc5 20. Bc4 Bd4 21. Rab1
Rd6 22. Red1 Rad8 23. Rd3 Ba7 24. Rf3 Rf6 25. Rf1 Rxf3 26. Qxf3 Rd6 27. Nc1 Rf6
28. Qe2 Qc5 29. Nb3 Qe7 30. Bd3 Rg6 31. Bc4 Bc8 32. Kh1 Rh6 33. Qf3 Rd6 34. Qe2
Rh6 35. Qf3 1/2-1/2

[Event "Brasilia Regional Centro Oeste"]
[Site "Brasilia"]
[Date "2014.05.09"]
[Round "1"]
[White "Santos, Samuel Silva"]
[Black "Barbosa, Edinardo Meireles"]
[Result "0-1"]
[WhiteElo "1679"]
[BlackElo "1713"]
[PlyCount "74"]
[EventDate "2014.05.09"]
[EventType "swiss"]
[EventRounds "5"]
[EventCountry "BRA"]
[SourceTitle "CBM 160 Extra"]
[Source "ChessBase"]
[SourceDate "2014.07.01"]
[SourceVersion "1"]
[SourceVersionDate "2014.07.01"]
[SourceQuality "1"]

1. d4 d5 2. Nf3 Nf6 3. Bf4 e6 4. e3 c5 5. dxc5 Bxc5 6. c3 Bd7 7. Nbd2 Nc6 8.
Bd3 O-O 9. O-O Re8 10. Ne5 Qb6 11. b4 Be7 12. Nxd7 Nxd7 13. a4 e5 14. a5 Qd8
15. Bg3 Bf6 16. e4 d4 17. Bb5 dxc3 18. Nc4 Nd4 19. Nd6 Re6 20. Nxb7 Qc7 21. a6
Nxb5 22. Qd3 Nd4 23. b5 Nc5 24. Qxc3 Ne2+ 25. Kh1 Nxc3 26. Rac1 N5xe4 27. Rc2
Nxg3+ 28. fxg3 e4 29. Rfc1 e3 30. Re2 Qc4 31. Rcc2 Qxb5 32. Rb2 Qxb2 33. Rxb2
e2 34. Rxe2 Rxe2 35. h4 Rae8 36. Kh2 Ra2 37. Nc5 Ree2 0-1

[Event "Brasilia Regional Centro Oeste"]
[Site "Brasilia"]
[Date "2014.05.10"]
[Round "3"]
[White "Taira, Erick Hideki"]
[Black "Barbosa, Edinardo Meireles"]
[Result "0-1"]
[WhiteElo "1800"]
[BlackElo "1713"]
[PlyCount "82"]
[EventDate "2014.05.09"]
[EventType "swiss"]
[EventRounds "5"]
[EventCountry "BRA"]
[SourceTitle "CBM 160 Extra"]
[Source "ChessBase"]
[SourceDate "2014.07.01"]
[SourceVersion "1"]
[SourceVersionDate "2014.07.01"]
[SourceQuality "1"]

1. d4 d5 2. c4 e6 3. a3 Nf6 4. Nc3 c5 5. e3 Nc6 6. Nf3 a6 7. Bd3 dxc4 8. Bxc4
b5 9. Be2 cxd4 10. Nxd4 Nxd4 11. Qxd4 Qxd4 12. exd4 Bb7 13. O-O g6 14. Bg5 Bg7
15. Rad1 O-O 16. Rfe1 Rac8 17. Rd3 Ne8 18. Red1 Nd6 19. Bf3 Bxf3 20. Rxf3 Nc4
21. b3 Nxa3 22. Be7 Nc2 23. Bxf8 Kxf8 24. h3 Nxd4 25. Rfd3 Rxc3 26. Rxc3 Ne2+
27. Kf1 Nxc3 28. Rd8+ Ke7 29. Ra8 Ne4 30. Ra7+ Kf6 31. Ke2 Bf8 32. Rxa6 b4 33.
Ke1 Nc5 34. Ra8 Be7 35. Rh8 h5 36. Rb8 Nxb3 37. Rb7 Nc5 38. Rb5 Bd6 39. Kf1 b3
40. Rb6 Ke5 41. f4+ Kd5 0-1

[Event "Brasilia Regional Centro Oeste"]
[Site "Brasilia"]
[Date "2014.05.11"]
[Round "4"]
[White "Barbosa, Edinardo Meireles"]
[Black "De Oliveira, Italo Candido"]
[Result "0-1"]
[WhiteElo "1713"]
[BlackElo "1830"]
[PlyCount "118"]
[EventDate "2014.05.09"]
[EventType "swiss"]
[EventRounds "5"]
[EventCountry "BRA"]
[SourceTitle "CBM 160 Extra"]
[Source "ChessBase"]
[SourceDate "2014.07.01"]
[SourceVersion "1"]
[SourceVersionDate "2014.07.01"]
[SourceQuality "1"]

1. d4 Nf6 2. c4 g6 3. Nc3 Bg7 4. Nf3 O-O 5. e4 d6 6. Be2 e5 7. dxe5 dxe5 8.
Qxd8 Rxd8 9. Bg5 h6 10. Bxf6 Bxf6 11. Nd5 Nd7 12. Rd1 Kg7 13. Nxc7 Rb8 14. Nd5
Nc5 15. Nxf6 Rxd1+ 16. Bxd1 Nd3+ 17. Ke2 Nf4+ 18. Kd2 Kxf6 19. g3 Nh3 20. Ne1
Be6 21. Kc3 Rc8 22. b3 Ke7 23. Nd3 f5 24. f3 Rd8 25. Rf1 Kf6 26. a3 Ng5 27. h4
Nf7 28. Bc2 b6 29. exf5 gxf5 30. Nb4 Rd6 31. Rd1 Rxd1 32. Bxd1 Nd8 33. Bc2 h5
34. Nd5+ Bxd5 35. cxd5 Nb7 36. b4 a6 37. Bd3 b5 38. a4 Nd6 39. Be2 Kg6 40. axb5
axb5 41. Bxb5 Nxb5+ 42. Kc4 Nd6+ 43. Kc5 e4 44. fxe4 fxe4 45. Kxd6 e3 46. b5 e2
47. b6 e1=Q 48. Kd7 Qb4 49. Kc6 Qc4+ 50. Kd6 Qb5 51. Kc7 Qxd5 52. b7 Qc5+ 53.
Kd7 Qb6 54. Kc8 Qc6+ 55. Kb8 Kf5 56. Ka8 Kg4 57. Ka7 Qc7 58. Ka8 Qa5+ 59. Kb8
Kxg3 0-1

[Event "Brasilia Regional Centro Oeste"]
[Site "Brasilia"]
[Date "2014.05.11"]
[Round "5"]
[White "Fontes, Matheus Consolmagno"]
[Black "Barbosa, Edinardo Meireles"]
[Result "1/2-1/2"]
[WhiteElo "1747"]
[BlackElo "1713"]
[PlyCount "25"]
[EventDate "2014.05.09"]
[EventType "swiss"]
[EventRounds "5"]
[EventCountry "BRA"]
[SourceTitle "CBM 160 Extra"]
[Source "ChessBase"]
[SourceDate "2014.07.01"]
[SourceVersion "1"]
[SourceVersionDate "2014.07.01"]
[SourceQuality "1"]

1. e4 c5 2. Nf3 e6 3. d4 cxd4 4. Nxd4 a6 5. c4 Nf6 6. Nc3 Qc7 7. Bd3 Be7 8. O-O
Nc6 9. Nc2 d6 10. f4 O-O 11. Be3 b6 12. Qe1 Rb8 13. Qf2 1/2-1/2

[Event "Albena Masters op"]
[Site "Albena"]
[Date "2014.06.02"]
[Round "2"]
[White "Barbosa, Evandro Amorim"]
[Black "Abdel Elah, Ahmed"]
[Result "1-0"]
[WhiteElo "2471"]
[BlackElo "2167"]
[PlyCount "63"]
[EventDate "2014.06.01"]
[EventType "swiss"]
[EventRounds "9"]
[EventCountry "BUL"]
[SourceTitle "CBM 160 Extra"]
[Source "ChessBase"]
[SourceDate "2014.07.01"]
[SourceVersion "1"]
[SourceVersionDate "2014.07.01"]
[SourceQuality "1"]

1. e4 e5 2. Nf3 Nc6 3. Nc3 Nf6 4. Bb5 Bc5 5. Nxe5 Nxe5 6. d4 Bd6 7. f4 Ng6 8.
e5 Bb4 9. exf6 Qxf6 10. O-O Bxc3 11. bxc3 O-O 12. f5 Ne7 13. Qh5 g6 14. fxg6
Qxg6 15. Qh4 Qe6 16. Bh6 Ng6 17. Qg3 Qd5 18. Ba4 Qa5 19. Bb3 d5 20. Qf3 f5 21.
Bxf8 Kxf8 22. Qxd5 Qxd5 23. Bxd5 Ke7 24. Rae1+ Kd6 25. Bf3 Be6 26. Bxb7 Rb8 27.
Ba6 Rb2 28. Bd3 Ne7 29. c4 Nc8 30. c5+ Kd7 31. Rxe6 Kxe6 32. Bxf5+ 1-0

[Event "Albena Masters op"]
[Site "Albena"]
[Date "2014.06.03"]
[Round "3"]
[White "Soltanici, Ruslan"]
[Black "Barbosa, Evandro Amorim"]
[Result "1/2-1/2"]
[WhiteElo "2346"]
[BlackElo "2471"]
[PlyCount "66"]
[EventDate "2014.06.01"]
[EventType "swiss"]
[EventRounds "9"]
[EventCountry "BUL"]
[SourceTitle "CBM 160 Extra"]
[Source "ChessBase"]
[SourceDate "2014.07.01"]
[SourceVersion "1"]
[SourceVersionDate "2014.07.01"]
[SourceQuality "1"]

1. e4 c5 2. Nf3 e6 3. d4 cxd4 4. Nxd4 Nc6 5. Nc3 Qc7 6. g3 a6 7. Bg2 d6 8. O-O
Bd7 9. Re1 Be7 10. Nxc6 Bxc6 11. Qg4 h5 12. Qe2 h4 13. a4 hxg3 14. hxg3 Kf8 15.
a5 Nf6 16. Be3 g6 17. Bb6 Qd7 18. Rad1 e5 19. Nd5 Bxd5 20. exd5 Kg7 21. c4 Rh5
22. c5 dxc5 23. d6 Bd8 24. Bxc5 Bxa5 25. b4 Rc8 26. Qb2 Rxc5 27. bxc5 Bxe1 28.
Rxe1 e4 29. Qc3 Qc8 30. Bxe4 Rxc5 31. d7 Rxc3 32. dxc8=Q Rxc8 33. Bxb7 Re8
1/2-1/2

[Event "Albena Masters op"]
[Site "Albena"]
[Date "2014.06.04"]
[Round "4"]
[White "Barbosa, Evandro Amorim"]
[Black "Dimitrov, Pavel"]
[Result "1/2-1/2"]
[WhiteElo "2471"]
[BlackElo "2330"]
[PlyCount "93"]
[EventDate "2014.06.01"]
[EventType "swiss"]
[EventRounds "9"]
[EventCountry "BUL"]
[SourceTitle "CBM 160 Extra"]
[Source "ChessBase"]
[SourceDate "2014.07.01"]
[SourceVersion "1"]
[SourceVersionDate "2014.07.01"]
[SourceQuality "1"]

1. e4 d6 2. d4 Nf6 3. Nc3 e5 4. Nf3 Nbd7 5. Bc4 Be7 6. O-O O-O 7. Re1 c6 8. a4
a5 9. h3 Nb6 10. Ba2 Nfd7 11. dxe5 Nxe5 12. Nd4 Bf6 13. f4 Ng6 14. Be3 d5 15.
exd5 Nxd5 16. Nxd5 cxd5 17. Qf3 Qb6 18. c3 Qxb2 19. Bxd5 Qxc3 20. Nb5 Nh4 21.
Qf2 Qd3 22. Rad1 Qg6 23. Bc5 Bxh3 24. Bxf8 Rxf8 25. Nd6 h6 26. Be4 Qg4 27. Rf1
Rd8 28. Kh2 Qe6 29. Bd5 Qe7 30. Bxf7+ Kh7 31. Rfe1 Qc7 32. Kxh3 Rxd6 33. Rxd6
Qxd6 34. Qc2+ g6 35. g3 Nf5 36. Qc8 Bd8 37. Re6 Qd1 38. Bxg6+ Kg7 39. Qxb7+ Ne7
40. Be4 Qh5+ 41. Kg2 Qe2+ 42. Kg1 Qe1+ 43. Kh2 Qe2+ 44. Kg1 Qe1+ 45. Kh2 Qe2+
46. Kg1 Qe1+ 47. Kg2 1/2-1/2

[Event "Albena Masters op"]
[Site "Albena"]
[Date "2014.06.05"]
[Round "5"]
[White "Medina, Warda Aulia"]
[Black "Barbosa, Evandro Amorim"]
[Result "1-0"]
[WhiteElo "2351"]
[BlackElo "2471"]
[PlyCount "45"]
[EventDate "2014.06.01"]
[EventType "swiss"]
[EventRounds "9"]
[EventCountry "BUL"]
[SourceTitle "CBM 160 Extra"]
[Source "ChessBase"]
[SourceDate "2014.07.01"]
[SourceVersion "1"]
[SourceVersionDate "2014.07.01"]
[SourceQuality "1"]

1. e4 c5 2. Nf3 e6 3. d4 cxd4 4. Nxd4 Nf6 5. Bd3 Nc6 6. Nxc6 bxc6 7. Nc3 d5 8.
O-O Be7 9. Qf3 O-O 10. Re1 Bb7 11. e5 Nd7 12. Qg4 g6 13. Bh6 Re8 14. Rad1 Qb6
15. h4 Qb4 16. f4 Nc5 17. h5 Nxd3 18. Rxd3 Qxb2 19. hxg6 Bc5+ 20. Kh2 fxg6 21.
Ne4 Qxc2 22. Rc3 Qb2 23. Nf6+ 1-0

[Event "Albena Masters op"]
[Site "Albena"]
[Date "2014.06.06"]
[Round "6"]
[White "Barbosa, Evandro Amorim"]
[Black "Matviishen, Viktor"]
[Result "1-0"]
[WhiteElo "2471"]
[BlackElo "2190"]
[PlyCount "71"]
[EventDate "2014.06.01"]
[EventType "swiss"]
[EventRounds "9"]
[EventCountry "BUL"]
[SourceTitle "CBM 160 Extra"]
[Source "ChessBase"]
[SourceDate "2014.07.01"]
[SourceVersion "1"]
[SourceVersionDate "2014.07.01"]
[SourceQuality "1"]

1. e4 c5 2. Nf3 d6 3. Bb5+ Nc6 4. O-O Bd7 5. Re1 a6 6. Bxc6 Bxc6 7. d4 cxd4 8.
Nxd4 Qc7 9. Nc3 Nf6 10. Bg5 Qa5 11. Bxf6 gxf6 12. Qf3 Qe5 13. Rad1 Rg8 14. Nd5
Rc8 15. Nf5 Rg6 16. Qb3 e6 17. Nh4 Rh6 18. Nf3 Qh5 19. Qb6 Be7 20. c4 Qg4 21.
Qe3 Rg6 22. g3 Rg8 23. Nd4 h5 24. f3 Qg5 25. f4 Qg6 26. Nxe7 Kxe7 27. Nf5+ Kf8
28. Nxd6 Rd8 29. Nf5 exf5 30. Rxd8+ Kg7 31. Rxg8+ Kxg8 32. e5 fxe5 33. Qxe5 Be4
34. Rd1 Qb6+ 35. c5 Qa5 36. b4 1-0

[Event "Albena Masters op"]
[Site "Albena"]
[Date "2014.06.07"]
[Round "7"]
[White "Khusenkhojaev, Muhammad"]
[Black "Barbosa, Evandro Amorim"]
[Result "1/2-1/2"]
[WhiteElo "2381"]
[BlackElo "2471"]
[PlyCount "108"]
[EventDate "2014.06.01"]
[EventType "swiss"]
[EventRounds "9"]
[EventCountry "BUL"]
[SourceTitle "CBM 160 Extra"]
[Source "ChessBase"]
[SourceDate "2014.07.01"]
[SourceVersion "1"]
[SourceVersionDate "2014.07.01"]
[SourceQuality "1"]

1. Nf3 c5 2. c4 Nc6 3. d4 cxd4 4. Nxd4 Nf6 5. Nc3 e6 6. a3 Bc5 7. e3 O-O 8. b4
Be7 9. Bb2 d5 10. cxd5 Nxd5 11. Nxd5 Qxd5 12. Nf3 Rd8 13. Qxd5 Rxd5 14. Bc4 Rd8
15. Ke2 Bd7 16. Rhd1 Rac8 17. Rac1 Be8 18. Bd3 Bf6 19. Bxf6 gxf6 20. Rc5 Ne7
21. Nd4 b6 22. Rxc8 Rxc8 23. Kd2 Rd8 24. Ke2 Rc8 25. Kd2 Rd8 26. Ke2 Rc8 27.
Ba6 Rc3 28. Rd3 Rc1 29. Nb3 Rc2+ 30. Rd2 Rxd2+ 31. Kxd2 Kf8 32. Nd4 Nc6 33. Bd3
Nxd4 34. exd4 Bc6 35. g4 h6 36. Ke3 Ke7 37. f4 Ba4 38. h4 Bd1 39. Be2 Bc2 40.
Bf3 Bb3 41. Kf2 Kf8 42. Be4 Bd1 43. Kg3 Bb3 44. Kf2 Bd1 45. Bf3 Bb3 46. Ke3 Ke7
47. Kd3 Kd6 48. Kc3 Ba2 49. Be4 Ke7 50. h5 Bd5 51. Bxd5 exd5 52. Kd3 Kf8 53. b5
Kg7 54. Ke3 Kh7 1/2-1/2

[Event "Albena Masters op"]
[Site "Albena"]
[Date "2014.06.08"]
[Round "8"]
[White "Barbosa, Evandro Amorim"]
[Black "Todorov, Ognjan"]
[Result "1-0"]
[WhiteElo "2471"]
[BlackElo "2265"]
[PlyCount "65"]
[EventDate "2014.06.01"]
[EventType "swiss"]
[EventRounds "9"]
[EventCountry "BUL"]
[SourceTitle "CBM 160 Extra"]
[Source "ChessBase"]
[SourceDate "2014.07.01"]
[SourceVersion "1"]
[SourceVersionDate "2014.07.01"]
[SourceQuality "1"]

1. e4 c5 2. Nf3 e6 3. d4 cxd4 4. Nxd4 a6 5. Bd3 Bc5 6. Nb3 Be7 7. Qg4 g6 8. O-O
d6 9. a4 b6 10. Na3 Nd7 11. Be3 Ngf6 12. Qe2 O-O 13. a5 b5 14. c4 b4 15. Nc2
Rb8 16. Bd2 Ne5 17. Nbd4 Qc7 18. Bxb4 Nxd3 19. Qxd3 Ng4 20. Qe2 d5 21. Qxg4
Bxb4 22. e5 dxc4 23. Ne3 Bd7 24. Nf3 Bb5 25. Rfc1 Be7 26. Qh3 c3 27. bxc3 Be2
28. Ng4 Bxf3 29. gxf3 Rb3 30. c4 Rc8 31. Qh6 f5 32. exf6 Bxf6 33. Nxf6+ 1-0

[Event "Golden Sands Europe op 3rd"]
[Site "Golden Sands"]
[Date "2014.06.10"]
[Round "1"]
[White "Gaafar, Mahmoud"]
[Black "Barbosa, Evandro Amorim"]
[Result "0-1"]
[WhiteElo "2115"]
[BlackElo "2471"]
[PlyCount "110"]
[EventDate "2014.06.10"]
[EventType "swiss"]
[EventRounds "9"]
[EventCountry "BUL"]
[SourceTitle "CBM 160 Extra"]
[Source "ChessBase"]
[SourceDate "2014.07.01"]
[SourceVersion "1"]
[SourceVersionDate "2014.07.01"]
[SourceQuality "1"]

1. e4 c5 2. Nf3 e6 3. d3 d5 4. Nbd2 Nf6 5. g3 Nc6 6. Bg2 g6 7. O-O Bg7 8. c3 a5
9. a4 O-O 10. Re1 e5 11. exd5 Nxd5 12. Nc4 Re8 13. Bg5 f6 14. Be3 b6 15. Qd2
Be6 16. Bh6 Bh8 17. Re2 Qc7 18. Rae1 Rad8 19. Qc2 Nde7 20. b3 Rd7 21. Na3 Qd8
22. Rd2 Nf5 23. Be3 Bd5 24. Nc4 Qc7 25. g4 Ng7 26. Nh4 Bf7 27. Bh6 Ne6 28. Be4
Ne7 29. Ne3 Nf4 30. Bxf4 exf4 31. Neg2 Nd5 32. Nf3 Rde7 33. Rde2 f5 34. gxf5
Nxc3 35. fxg6 Nxe2+ 36. Rxe2 hxg6 37. Rd2 Bf6 38. Qd1 Kg7 39. h4 Rh8 40. Ng5
Bxg5 41. hxg5 Qe5 42. Bf3 Qxg5 43. Re2 Qh6 44. Ne1 Qh2+ 45. Kf1 Rxe2 46. Qxe2
Re8 47. Qb2+ Kg8 48. Qf6 Qh3+ 49. Bg2 Qe6 50. Qxe6 Bxe6 51. Be4 Kg7 52. Nf3
Bxb3 53. Bc6 Re6 54. Bb5 Kf6 55. d4 Bd5 0-1

[Event "Golden Sands Europe op 3rd"]
[Site "Golden Sands"]
[Date "2014.06.11"]
[Round "2"]
[White "Barbosa, Evandro Amorim"]
[Black "Efroimski, Marsel"]
[Result "0-1"]
[WhiteElo "2471"]
[BlackElo "2287"]
[PlyCount "43"]
[EventDate "2014.06.10"]
[EventType "swiss"]
[EventRounds "9"]
[EventCountry "BUL"]
[SourceTitle "CBM 160 Extra"]
[Source "ChessBase"]
[SourceDate "2014.07.01"]
[SourceVersion "1"]
[SourceVersionDate "2014.07.01"]
[SourceQuality "1"]

1. e4 e6 2. d4 d5 3. e5 c5 4. c3 Qb6 5. Nf3 Bd7 6. a3 Bb5 7. c4 Bxc4 8. Bxc4
dxc4 9. d5 exd5 10. Qxd5 Qc6 11. Qxc4 Qa6 12. Qe4 Nc6 13. Be3 Rd8 14. Nc3 Nb4
15. Rd1 Nd3+ 16. Rxd3 Qxd3 17. Qxb7 Qd7 18. Qa6 Ne7 19. O-O Nf5 20. g3 Nxe3 21.
fxe3 Be7 22. Rd1 0-1

[Event "Golden Sands Europe op 3rd"]
[Site "Golden Sands"]
[Date "2014.06.13"]
[Round "4"]
[White "Barbosa, Evandro Amorim"]
[Black "Surendran, N."]
[Result "1/2-1/2"]
[WhiteElo "2471"]
[BlackElo "2268"]
[PlyCount "144"]
[EventDate "2014.06.10"]
[EventType "swiss"]
[EventRounds "9"]
[EventCountry "BUL"]
[SourceTitle "CBM 160 Extra"]
[Source "ChessBase"]
[SourceDate "2014.07.01"]
[SourceVersion "1"]
[SourceVersionDate "2014.07.01"]
[SourceQuality "1"]

1. e4 c5 2. Nf3 d6 3. Bb5+ Nd7 4. d4 cxd4 5. Qxd4 a6 6. Bxd7+ Bxd7 7. c4 b5 8.
Nc3 bxc4 9. Qxc4 e6 10. O-O Ne7 11. Rd1 Ng6 12. Bg5 Qb8 13. Rac1 Qb7 14. Na4 f6
15. Be3 Rc8 16. Qd4 e5 17. Qb6 Rxc1 18. Rxc1 Qxe4 19. Qb8+ Kf7 20. Nb6 Be7 21.
Qa7 Be6 22. Qxa6 Re8 23. Nd2 Qg4 24. f3 Qb4 25. b3 d5 26. Nb1 Rb8 27. Na4 Rc8
28. Qe2 Rxc1+ 29. Bxc1 Bf5 30. Nbc3 Be6 31. Bd2 Nf4 32. Qf2 Qb8 33. Bxf4 exf4
34. Ne2 Qb4 35. Nd4 Bd7 36. Nc2 Qa5 37. Qe1 Qc7 38. Qd2 Qe5 39. Nc3 Bf5 40. Nd4
Bd3 41. Qxd3 Qe1+ 42. Qf1 Qxc3 43. Ne2 Qd2 44. Nc1 Bc5+ 45. Kh1 Be3 46. Nd3
Qxa2 47. Qd1 d4 48. h3 h5 49. Kh2 g5 50. Nc5 Qa5 51. Nd3 Qc3 52. Qb1 g4 53. Qd1
Bd2 54. Qf1 g3+ 55. Kh1 Qxb3 56. Nc5 Qc2 57. Nd3 Kg7 58. h4 Kh6 59. Kg1 Be3+
60. Kh1 Qc4 61. Qb1 Qa6 62. Ne5 f5 63. Nf7+ Kg7 64. Nd6 d3 65. Qb2+ Kg6 66. Qe5
d2 67. Qxf5+ Kh6 68. Qf6+ Kh7 69. Qf7+ Kh8 70. Qf8+ Kh7 71. Qf7+ Kh8 72. Qf8+
Kh7 1/2-1/2

[Event "Golden Sands Europe op 3rd"]
[Site "Golden Sands"]
[Date "2014.06.14"]
[Round "5"]
[White "Muhammad, Luthfi Ali"]
[Black "Barbosa, Evandro Amorim"]
[Result "0-1"]
[WhiteElo "2342"]
[BlackElo "2471"]
[PlyCount "56"]
[EventDate "2014.06.10"]
[EventType "swiss"]
[EventRounds "9"]
[EventCountry "BUL"]
[SourceTitle "CBM 160 Extra"]
[Source "ChessBase"]
[SourceDate "2014.07.01"]
[SourceVersion "1"]
[SourceVersionDate "2014.07.01"]
[SourceQuality "1"]

1. e4 e6 2. d4 d5 3. Nc3 Bb4 4. e5 c5 5. a3 Bxc3+ 6. bxc3 Ne7 7. Qg4 cxd4 8.
Qxg7 Rg8 9. Qxh7 Qc7 10. Ne2 Nbc6 11. f4 dxc3 12. h4 d4 13. h5 Bd7 14. Qd3
O-O-O 15. h6 Kb8 16. Rb1 Bc8 17. h7 Rh8 18. Kf2 b6 19. a4 Bb7 20. Ba3 Nf5 21.
Ng3 Ne3 22. Ne4 Nxe5 23. fxe5 Qxe5 24. Rh4 Rxh7 25. Rb5 Qh8 26. Rxh7 Qxh7 27.
Ng5 Qh4+ 28. Kg1 Rg8 0-1

[Event "Golden Sands Europe op 3rd"]
[Site "Golden Sands"]
[Date "2014.06.15"]
[Round "6"]
[White "Barbosa, Evandro Amorim"]
[Black "Chu, Wei Chao"]
[Result "1/2-1/2"]
[WhiteElo "2471"]
[BlackElo "2349"]
[PlyCount "94"]
[EventDate "2014.06.10"]
[EventType "swiss"]
[EventRounds "9"]
[EventCountry "BUL"]
[SourceTitle "CBM 160 Extra"]
[Source "ChessBase"]
[SourceDate "2014.07.01"]
[SourceVersion "1"]
[SourceVersionDate "2014.07.01"]
[SourceQuality "1"]

1. d4 Nf6 2. c4 g6 3. Nc3 Bg7 4. e4 d6 5. Nf3 O-O 6. Be2 e5 7. d5 Na6 8. Bg5 h6
9. Bh4 Qe8 10. Nd2 Bd7 11. O-O Nc5 12. b4 Na4 13. Nxa4 Bxa4 14. Qb1 Bd7 15. c5
Bb5 16. Bxb5 Qxb5 17. Re1 a5 18. cxd6 cxd6 19. bxa5 Qxa5 20. Nc4 Qc7 21. Rc1
Rfc8 22. a4 Qc5 23. Qb2 Nxd5 24. exd5 b5 25. axb5 e4 26. Bf6 Rxa1 27. Qxa1 Bxf6
28. Qxf6 Qxd5 29. Qa1 Rxc4 30. Rxc4 Qxc4 31. Qb1 Qc7 32. b6 Qb7 33. Qb4 Qa6 34.
h3 Qa1+ 35. Kh2 Qe5+ 36. g3 Qf6 37. Kg1 e3 38. fxe3 Qf3 39. Qxd6 Qe2 40. Qf4
Qd1+ 41. Kg2 Qc2+ 42. Qf2 Qc6+ 43. e4 Qxe4+ 44. Kh2 Qb4 45. Kg2 Qe4+ 46. Kh2
Qb4 47. Kg2 Qe4+ 1/2-1/2

[Event "Golden Sands Europe op 3rd"]
[Site "Golden Sands"]
[Date "2014.06.16"]
[Round "7"]
[White "Mgeladze, Tamaz"]
[Black "Barbosa, Evandro Amorim"]
[Result "0-1"]
[WhiteElo "2198"]
[BlackElo "2471"]
[PlyCount "36"]
[EventDate "2014.06.10"]
[EventType "swiss"]
[EventRounds "9"]
[EventCountry "BUL"]
[SourceTitle "CBM 160 Extra"]
[Source "ChessBase"]
[SourceDate "2014.07.01"]
[SourceVersion "1"]
[SourceVersionDate "2014.07.01"]
[SourceQuality "1"]

1. c4 c5 2. g3 Nc6 3. Bg2 g6 4. Nc3 Bg7 5. Nf3 e5 6. d3 d6 7. a3 Nge7 8. Rb1 a5
9. Nd2 Be6 10. Nd5 Rb8 11. Nxe7 Qxe7 12. Ne4 O-O 13. Nc3 Qd7 14. a4 Bh3 15. O-O
Bxg2 16. Kxg2 f5 17. Bd2 Rf7 18. f3 Qe6 0-1

[Event "Golden Sands Europe op 3rd"]
[Site "Golden Sands"]
[Date "2014.06.17"]
[Round "8"]
[White "Barbosa, Evandro Amorim"]
[Black "Vajda, Levente"]
[Result "1-0"]
[WhiteElo "2471"]
[BlackElo "2601"]
[PlyCount "50"]
[EventDate "2014.06.10"]
[EventType "swiss"]
[EventRounds "9"]
[EventCountry "BUL"]
[SourceTitle "CBM 160 Extra"]
[Source "ChessBase"]
[SourceDate "2014.07.01"]
[SourceVersion "1"]
[SourceVersionDate "2014.07.01"]
[SourceQuality "1"]

1. e4 e5 2. Nf3 Nc6 3. Nc3 Nf6 4. Bb5 Nd4 5. Ba4 Nxf3+ 6. Qxf3 c6 7. d3 d6 8.
Be3 Be7 9. h3 O-O 10. O-O Nd7 11. Bb3 Nc5 12. d4 Nxb3 13. axb3 f5 14. dxe5 dxe5
15. Bxa7 Be6 16. exf5 Bxf5 17. Bb6 Qd7 18. Rxa8 Rxa8 19. Rd1 Qe6 20. Ne4 c5 21.
Bc7 Rf8 22. Re1 Rf7 23. Qg3 c4 24. Qxe5 cxb3 25. Qxe6 Bxe6 1-0

[Event "Golden Sands Europe op 3rd"]
[Site "Golden Sands"]
[Date "2014.06.18"]
[Round "9"]
[White "Esen, Baris"]
[Black "Barbosa, Evandro Amorim"]
[Result "1-0"]
[WhiteElo "2570"]
[BlackElo "2471"]
[PlyCount "55"]
[EventDate "2014.06.10"]
[EventType "swiss"]
[EventRounds "9"]
[EventCountry "BUL"]
[SourceTitle "CBM 160 Extra"]
[Source "ChessBase"]
[SourceDate "2014.07.01"]
[SourceVersion "1"]
[SourceVersionDate "2014.07.01"]
[SourceQuality "1"]

1. d4 Nf6 2. Nf3 g6 3. c4 Bg7 4. g3 c5 5. Bg2 cxd4 6. Nxd4 O-O 7. Nc3 Qc7 8.
Qd3 Nc6 9. O-O Nxd4 10. Qxd4 d6 11. b3 Ne4 12. Nd5 Bxd4 13. Nxc7 Bxa1 14. Be3
Bf5 15. Rxa1 Nc5 16. Nxa8 Rxa8 17. b4 Na4 18. Rc1 Bd7 19. c5 dxc5 20. bxc5 Bc6
21. Bxc6 bxc6 22. Rc4 Nb2 23. Rb4 Nd1 24. Bd4 Rd8 25. Kf1 f6 26. Ke1 e5 27. Ba1
e4 28. Rd4 1-0

[Event "Varna op-A 8th"]
[Site "Varna"]
[Date "2014.06.19"]
[Round "1"]
[White "Haskel, Jeffrey"]
[Black "Barbosa, Evandro Amorim"]
[Result "0-1"]
[WhiteElo "2241"]
[BlackElo "2471"]
[PlyCount "74"]
[EventDate "2014.06.19"]
[EventType "swiss"]
[EventRounds "9"]
[EventCountry "BUL"]
[SourceTitle "CBM 161 Extra"]
[Source "ChessBase"]
[SourceDate "2014.08.29"]
[SourceVersion "1"]
[SourceVersionDate "2014.08.29"]
[SourceQuality "1"]

1. d4 Nf6 2. c4 g6 3. Nc3 d5 4. Nf3 Bg7 5. cxd5 Nxd5 6. Na4 O-O 7. e4 Nb6 8.
Nc5 N8d7 9. Nd3 Nf6 10. Nc5 Nbd7 11. Nxd7 Bxd7 12. Qc2 Rc8 13. Be2 c5 14. d5 e6
15. dxe6 Bxe6 16. O-O Qe7 17. Re1 Rfe8 18. Bd2 Bd7 19. e5 Ng4 20. Bc3 Bc6 21.
e6 Qxe6 22. Bb5 Qd7 23. Rxe8+ Rxe8 24. Rd1 Qc7 25. Bxc6 Qxc6 26. Bxg7 Kxg7 27.
Qc3+ Kg8 28. h3 Nf6 29. Ne5 Qe6 30. f4 b6 31. Qd3 Nh5 32. Ng4 Nxf4 33. Qf3 Nh5
34. Rf1 Kg7 35. Qc3+ f6 36. Qd2 f5 37. Qc3+ Nf6 0-1